| 000 | 01397nam a2200325 i 4500 | ||
|---|---|---|---|
| 001 | 5746 | ||
| 003 | ES-MaACL | ||
| 005 | 20251001145425.0 | ||
| 007 | t| | ||
| 008 | 890518s1988 sp |||| |dspa d | ||
| 020 | _a84-86884-59-4 | ||
| 080 | _a51:929 Rey Pastor | ||
| 100 | 1 |
_aRey Pastor, Julio, _d1888-1962 _996535 |
|
| 245 | 1 | 0 |
_aSelecta / _cJulio Rey Pastor ; prólogo, Ángel Martín-Municio ; comentarios, Sixto Ríos, Luis Antonio Santaló, Ernesto García Camarero ; edición preparada por la Real Academia de Ciencias Exactas, Físicas y Naturales. |
| 260 |
_aMadrid : _bFundación Banco Exterior, _c1988. |
||
| 300 |
_a724 p. ; _c23 cm. |
||
| 546 | _aTextos en español, catalán, italiano, alemán y francés. | ||
| 594 | _aReproducción facs. de selección de trabajos de revistas españolas y extranjeras. | ||
| 597 | _aPag. original propia en cada artículo. | ||
| 600 | 1 | 4 |
_aRey Pastor, Julio, _d1888-1962- _vHomenajes _996536 |
| 650 | 1 | 7 |
_aMatemáticas _2embne _914814 |
| 700 | 1 |
_aMartín Municio, Angel. _977582 |
|
| 700 | 1 |
_aRíos, Sixto, _d1913-2008 _997375 |
|
| 700 | 1 |
_aSantaló, Luis A. _9103268 |
|
| 700 | 1 |
_aGarcía Camarero, Ernesto, _d1932-2022 _954320 |
|
| 710 | 2 |
_aReal Academia de Ciencias Exactas, Físicas y Naturales de España. _9175635 |
|
| 710 | 1 |
_aFundación Banco Exterior. _94226 |
|
| 852 |
_aES-MaACL _jL-12712 |
||
| 999 |
_c5746 _d5746 |
||